Normal view
MARC view
- Molyneux-Maxine
Entry Personal Name
001 - CONTROL NUMBER
- control field: 2906
003 - CONTROL NUMBER IDENTIFIER
- control field: JO-AjAnu
005 - DATE AND TIME OF LATEST TRANSACTION
- control field: 20230606070759.0
008 - FIXED-LENGTH DATA ELEMENTS
- fixed length control field: 230606|| aca||aabn | a|a d
040 ## - CATALOGING SOURCE
- Original cataloging agency: JO-AjAnu
- Transcribing agency: JO-AjAnu
100 ## - HEADING--PERSONAL NAME
- Personal name: Molyneux-Maxine
670 ## - SOURCE DATA FOUND
- Source citation: Work cat.: (JO-AjAnu)1522: Molyneux-Maxine, author, State Policies and Position of women workers in the people's Democratic Republic of yemen,1967-77